• 首页
  • 本馆介绍
  • 公告通知
  • 最新文献
  • 馆藏检索
  • 电子资源
  • 读者导购
  • 参考咨询
  • 我的图书馆
  • 登录
  • 详细信息显示
  • 放入我的书架
  • 预约/预借图书
  • 作者相关作品
  • 分类相关作品
  • 丛书相关作品
  • 出版社相关作品

书目信息

  • 表格格式
  • 工作单格式
  • 卡片格式
题名:
王羲之兰亭序三种
    
 
作者: [王羲之书] , 王羲之
分册:  
出版信息: 杭州   西冷印社  1998.5
页数: 18页
开本: 34cm
丛书名: 西泠印社法帖丛编
单 册:
中图分类: J292.23
科图分类:
主题词: 书法--中国 , 篆刻--中国
电子资源:
ISBN: 7-80517-257-9
000 00664nam0 2200241 45
001 0003071495
005 20040521081449.4
010    @a7-80517-257-9@dCNY7.00
100    @a20000307d1998 km y0chiy0120 ea
101    @achi
105    @a z 000yy
200 1  @a王羲之兰亭序三种@f王羲之书@AWang Xi Zhi Lan Ting Xu San Zhong@FWang Xi Zhi Shu
210    @a杭州@c西冷印社@d1998.5
215    @a18页@d34cm
225    @a西泠印社法帖丛编
410    @12001 @a西泠印社法帖丛编
606 0  @a书法@y中国
606 0  @a篆刻@y中国
690    @aJ292.23@v1
701    @a[王羲之书]
701  0 @a王羲之@4书
801    @aCN@bTSTC@c20000307
905    @dJ292.23@e309@f1@b285672
    
    王羲之兰亭序三种/王羲之书.-杭州:西冷印社,1998.5
    18页;34cm.-(西泠印社法帖丛编)
    
    
    ISBN 7-80517-257-9:CNY7.00
    
●
相关链接 在E读中查询图书 在五车中查询图书 在当当中查询图书 在豆瓣中查询图书


正题名:王羲之兰亭序三种     索取号:J292.23/309         预约/预借

序号 登录号 条形码 馆藏地/架位号 状态 备注
1 0285672   002856724   第一借阅区/ [索取号:J292.23/309] 在馆    
2 0285673   002856733   第一样本阅览室/ [索取号:J292.23/309] 在馆    
唐山师范学院图书馆 欢迎您!
大连网信软件有限公司© 版权所有